| 000 | 00594nam a22001937a 4500 | ||
|---|---|---|---|
| 003 | OSt | ||
| 005 | 20170214124036.0 | ||
| 008 | 150514b xxu||||| |||| 00| 0 eng d | ||
| 020 | _a9781416552475 | ||
| 040 | _cDDC | ||
| 082 |
_222nd ed. _a305.3 SAD 2009 |
||
| 100 |
_aSadker, David; Sadker, Myra _94645 |
||
| 245 |
_aStill Failing at Fairness: _bhow gender cheats girls and boys in school and what we can do about it |
||
| 260 |
_aNew York; _bScribner, _c2009 |
||
| 300 |
_avii, 373p; _bill: _c23cm |
||
| 504 | _aNotes, & index included | ||
| 650 |
_aSocialization _94646 |
||
| 942 |
_2ddc _cO_SHELF |
||
| 999 |
_c1765 _d1765 |
||